Poľský národ a národy Československa na dejinnej križovatke kapitola z dejín vzniku svetovej socialistickej sústavy

Guardado en:
Detalles Bibliográficos
Autor principal: Borodovčák, Viktor
Formato: Libro
Lenguaje:eslovaco
Publicado: Bratislava Veda 1982
Etiquetas: Agregar Etiqueta
Sin Etiquetas, Sea el primero en etiquetar este registro!

MARC

LEADER 00000nam a2200000 4500
001 c136343
005 20041019155306.9
041 0 |a slo 
044 |a SK 
245 1 0 |a Poľský národ a národy Československa na dejinnej križovatke  |b kapitola z dejín vzniku svetovej socialistickej sústavy  |c Viktor Borodovčák 
264 1 |a Bratislava  |b Veda  |c 1982 
300 |a 248 s. 
100 1 |a Borodovčák, Viktor